Digital Signal Processing (Record no. 354291)
[ view plain ]
| 000 -LEADER | |
|---|---|
| fixed length control field | 00442nam a2200157Ia 4500 |
| 008 - FIXED-LENGTH DATA ELEMENTS--GENERAL INFORMATION | |
| fixed length control field | 230719s9999 xx 000 0 und d |
| 041 ## - LANGUAGE CODE | |
| Language code of text/sound track or separate title | eng |
| 082 ## - DEWEY DECIMAL CLASSIFICATION NUMBER | |
| Classification number | 621.382'2 |
| Item number | PRO |
| 100 ## - MAIN ENTRY--PERSONAL NAME | |
| Personal name | Proakis J.G. |
| 245 ## - TITLE STATEMENT | |
| Title | Digital Signal Processing |
| Remainder of title | Principles, Algorithms, And Applications |
| 250 ## - EDITION STATEMENT | |
| Edition statement | 3rd ed. |
| 260 ## - PUBLICATION, DISTRIBUTION, ETC. (IMPRINT) | |
| Name of publisher, distributor, etc. | Prentice Hall of India Pvt. Ltd. |
| 300 ## - PHYSICAL DESCRIPTION | |
| Extent | 968 |
| 365 ## - TRADE PRICE | |
| Currency code | Rs. |
| Price amount | 175.00 |
| 700 ## - ADDED ENTRY--PERSONAL NAME | |
| Personal name | Proakis J.G. & Manolakis D.G. |
| Withdrawn status | Lost status | Damaged status | Not for loan | Home library | Current library | Shelving location | Date acquired | Vendor | Cost, normal purchase price | Full call number | Barcode | Date last seen | Cost, replacement price | Bill Date | Koha item type | Original Barcode |
|---|---|---|---|---|---|---|---|---|---|---|---|---|---|---|---|---|
| Cummins College of Engineering for Women Pune | Cummins College of Engineering for Women Pune | Donated Book | 08/10/2015 | Masurkar Enterprises | 175.00 | 621.382'2 | CCEP-DB-496 | 19/07/2023 | 175.00 | 19/07/2023 | Books | D00496 |